Teatro / (Record no. 36315)

MARC details
000 -LEADER
campo de control de longitud fija 00787nam a2200253 i 4500
001 - NÚMERO DE CONTROL
campo de control 36315
003 - IDENTIFICADOR DE NÚMERO DE CONTROL
campo de control ES-MaACL
005 - FECHA Y HORA DE LA ÚLTIMA TRANSACCIÓN
campo de control 20250824065253.0
007 - CAMPO FIJO DE DESCRIPCIÓN FÍSICA--INFORMACIÓN GENERAL
campo de control de longitud fija t|
008 - DATOS DE LONGITUD FIJA--INFORMACIÓN GENERAL
campo de control de longitud fija 030217s1968 sp ||||1| spa d
100 1# - ENTRADA PRINCIPAL--NOMBRE DE PERSONA
Nombre de persona Brossa, Joan.
9 (RLIN) 31934
245 10 - MENCIÓN DEL TÍTULO
Título Teatro /
Mención de responsabilidad, etc. Joan Brossa ; versión castellana de P. Gimferrer.
260 ## - PUBLICACIÓN, DISTRIBUCIÓN, ETC.
Lugar de publicación, distribución, etc. Madrid :
Nombre del editor, distribuidor, etc. Cuadernos para el Diálogo,
Fecha de publicación, distribución, etc. 1968.
300 ## - DESCRIPCIÓN FÍSICA
Extensión 80 p. ;
Dimensiones 18 cm.
490 1# - MENCIÓN DE SERIE
Mención de serie Libros de teatro ;
Designación de volumen o secuencia 8
505 0# - NOTA DE CONTENIDO CON FORMATO
Nota de contenido con formato Oro y sal ; El gancho ; Novela
700 0# - ENTRADA AGREGADA--NOMBRE PERSONAL
Nombre de persona Gimferrer, Pere,
Fechas asociadas al nombre 1945-
9 (RLIN) 57102
710 2# - ENTRADA AGREGADA--NOMBRE DE ENTIDAD CORPORATIVA
Nombre de entidad corporativa o nombre de jurisdicción como elemento de entrada Cuadernos para el Diálogo.
9 (RLIN) 3333
740 02 - ENTRADA AGREGADA--TÍTULO RELACIONADO/ANALÍTICO NO CONTROLADO
Título relacionado o analítico no controlado Oro y sal.
740 32 - ENTRADA AGREGADA--TÍTULO RELACIONADO/ANALÍTICO NO CONTROLADO
Título relacionado o analítico no controlado El gancho.
830 10 - PUNTO DE ACCESO ADICIONAL DE SERIE-TÍTULO UNIFORME
Título uniforme Libros de teatro (Cuadernos para el Diálogo)
Designación de volumen o secuencia 8
9 (RLIN) 180757
852 ## - LOCALIZACIÓN
Ubicación ES-MaACL
Número de control de estantería C-35327
Holdings
Estatus retirado Estado de pérdida Estado de daño No para préstamo Biblioteca de origen Biblioteca actual Ubicación en estantería Fecha de adquisición Fuente de adquisición Total de préstamos Signatura topográfica completa Código de barras Visto por última vez Precio de reemplazo Tipo de ítem Koha
        Biblioteca del Ateneo de Madrid Biblioteca del Ateneo de Madrid Depósito 2 17/01/2008     C-35327 1038124 23/02/2023 23/02/2023 Libro impreso